Autism and the Social World of Childhood A Sociocultural perspective on Theory and Practice (Record no. 347425)
[ view plain ]
| 000 -LEADER | |
|---|---|
| fixed length control field | 00349nam a2200109Ia 4500 |
| 008 - FIXED-LENGTH DATA ELEMENTS--GENERAL INFORMATION | |
| fixed length control field | 171205s9999 xx 000 0 und d |
| 020 ## - INTERNATIONAL STANDARD BOOK NUMBER | |
| International Standard Book Number | 9780415838344 |
| 100 ## - MAIN ENTRY--PERSONAL NAME | |
| Personal name | Conn, Carmel. |
| 245 ## - TITLE STATEMENT | |
| Statement of responsibility, etc | Carmel Conn |
| Title | Autism and the Social World of Childhood A Sociocultural perspective on Theory and Practice |
| 260 ## - PUBLICATION, DISTRIBUTION, ETC. (IMPRINT) | |
| Name of publisher, distributor, etc | Routledge |
| Date of publication, distribution, etc | 2014 |
| 300 ## - PHYSICAL DESCRIPTION | |
| Extent | 186 pages |
| Withdrawn status | Lost status | Damaged status | Home library | Current library | Shelving location | Date acquired | Source of acquisition | Total Checkouts | Full call number | Barcode | Date last seen | Price effective from | Koha item type |
|---|---|---|---|---|---|---|---|---|---|---|---|---|---|
| College Library | College Library | Reserve Section | 12/05/2017 | Library Fund | HQ 773.8 .C752 2014 | c21066 | 05/15/2018 | 12/05/2017 | Books |